000 00446nam a2200157Ia 4500
008 240729s9999 xx 000 0 und d
022 _a2408-6851
245 0 _aJournal of Agricultural Extension
260 _aNigeria
260 _bAgricultural Extension Society of Nigeria
650 _a Agriculture (General)
650 _aAgriculture
856 _uhttps://doaj.org/toc/21fefdf1ba984e9dbea3bc03098ded38
942 _2ddc
942 _cDOAJEJ
999 _c73193
_d73193
945 _a1
_bMadushi Gamage
_c1
_dMadushi Gamage